Nhl captains and alternatives for 23-24 season - Statistics

General Stats
  • This quiz has been taken 73 times
  • The average score is 60 of 111
Answer Stats
Hint Answer % Correct
Boston Bruins C Brad Marchand
92%
Edmonton Oilers C Connor McDavid
88%
Boston Bruins A David Pastrnak
88%
New Jersey Devils A Jack Hughes
85%
Colorado Avalanche A Nathan MacKinnon
85%
Vancouver Canucks C Quinn Hughes
85%
Ottawa Senators C Brady Tkachuk
83%
Edmonton Oilers A Leon Draisaitl
83%
Florida Panthers A Matthew Tkachuk
83%
Nashville Predators C Roman Josi
83%
Carolina Hurricanes A Sebastian Aho
83%
Florida Panthers C Aleksander Barkov
79%
Los Angeles Kings C Anze Kopitar
79%
Boston Bruins A Charlie McAvoy
79%
Arizona Coyotes A Clayton Keller
79%
Pittsburgh Penguins C Sidney Crosby
79%
Washington Capitals C Alexander Ovechkin
77%
Toronto Maple Leafs A Auston Matthews
77%
Pittsburgh Penguins A Evgeni Malkin
77%
New York Islanders C Anders Lee
75%
New York Rangers A Artemi Panarin
75%
Dallas Stars C Jamie Benn
75%
New Jersey Devils C Nico Hischier
75%
Tampa Bay Lightning C Steven Stamkos
75%
Detroit Red Wings C Dylan Larkin
73%
Colorado Avalanche C Gabriel Landeskog
73%
Carolina Hurricanes C Jordan Staal
73%
Toronto Maple Leafs A Mitch Marner
73%
Montreal Canadiens C Nick Suzuki
73%
Buffalo Sabres A Rasmus Dahlin
73%
Vegas Golden Knights A Jack Eichel
71%
Toronto Maple Leafs C John Tavares
71%
Colorado Avalanche A Mikko Rantanen
71%
Florida Panthers A Aaron Ekblad
69%
Los Angeles Kings A Drew Doughty
69%
Pittsburgh Penguins A Kris Letang
69%
Minnesota Wild A Marcus Foligno
69%
Vegas Golden Knights C Mark Stone
69%
Chicago Blackhawks A Nick Foligno
69%
Dallas Stars A Tyler Seguin
69%
Tampa Bay Lightning A Victor Hedman
69%
New York Rangers C Jacob Trouba
67%
Minnesota Wild A Kirill Kaprizov
67%
New York Rangers A Mika Zibanejad
67%
Tampa Bay Lightning A Nikita Kucherov
67%
Dallas Stars A Joe Pavelski
65%
Edmonton Oilers A Ryan Nugent-Hopkins
65%
Edmonton Oilers A Darnell Nurse
63%
Vancouver Canucks A J.T Miller
60%
Calgary Flames A Jonathan Huberdeau
58%
Buffalo Sabres C Kyle Okposo
58%
Toronto Maple Leafs A Morgan Rielly
58%
Chicago Blackhawks A Seth Jones
58%
New York Rangers A Adam Fox
56%
New York Rangers A Chris Kreider
56%
Ottawa Senators A Claude Giroux
54%
Anaheim Ducks A Troy Terry
54%
Columbus Blue Jackets A Zach Werenski
54%
Columbus Blue Jackets C Boone Jenner
52%
Carolina Hurricanes A Jaccob Slavin
52%
San Jose Sharks C Logan Couture
52%
Dallas Stars A Miro Heiskanen
52%
Vegas Golden Knights A William Karlsson
52%
Vegas Golden Knights A Alex Pietrangelo
50%
Vancouver Canucks A Elias Pettersson
50%
Washington Capitals A Nicklas Backstrom
50%
Minnesota Wild C Jared Spurgeon
48%
Washington Capitals A John Carlson
48%
Seattle Kraken A Jordan Eberle
48%
Winnipeg Jets A Mark Scheifele
48%
Calgary Flames C Mikael Backlund
48%
San Jose Sharks A Tomas Hertl
48%
Washington Capitals A Tom Wilson
48%
St. Louis Blues C Brayden Schenn
46%
Calgary Flames A Elias Lindholm
44%
Anaheim Ducks A Cam Fowler
42%
Ottawa Senators A Thomas Chabot
42%
Seattle Kraken A Adam Larsson
40%
New York Islanders A Brock Nelson
40%
Winnipeg Jets A Josh Morrissey
38%
New Jersey Devils A Ondrej Palat
38%
St. Louis Blues A Robert Thomas
38%
Nashville Predators A Ryan O'Reilly
38%
Winnipeg Jets C Adam Lowry
35%
Washington Capitals A T.J Oshie
35%
Anaheim Ducks A Adam Henrique
31%
Montreal Canadiens A Brendan Gallagher
31%
St. Louis Blues A Colton Parayko
31%
Detroit Red Wings A David Perron
31%
Arizona Coyotes A Nick Schmaltz
31%
Montreal Canadiens A Mike Matheson
29%
St. Louis Blues A Justin Faulk
27%
New York Islanders A Cal Clutterbuck
25%
Dallas Stars A Esa Lindell
25%
Carolina Hurricanes A Jordan Martinook
25%
Nashville Predators A Ryan McDonagh
25%
Seattle Kraken A Jaden Schwartz
23%
Los Angeles Kings A Phillip Danault
23%
Seattle Kraken A Yanni Gourde
23%
Calgary Flames A Christopher Tanev
21%
Calgary Flames A Rasmus Andersson
21%
Detroit Red Wings A Andrew Copp
19%
New York Rangers A Barclay Goodrow
19%
Chicago Blackhawks A Connor Murphy
19%
Detroit Red Wings A Ben Chiarot
15%
Arizona Coyotes A Lawson Crouse
15%
Philadelphia Flyers A Scott Laughton
15%
Buffalo Sabres A Zemgus Girgensons
15%
San Jose Sharks A Mario Ferraro
13%
Columbus Blue Jackets A Erik Gudbranson
10%
Columbus Blue Jackets A Sean Kuraly
2%
No matching quizzes found
Score Distribution
Percent of People with Each Score
Percentile by Number Answered
Your Score History
You have not taken this quiz